| 000 | 00578nam a2200217Ia 4500 | ||
|---|---|---|---|
| 001 | 43097 | ||
| 003 | PK-LaUMT | ||
| 005 | 20260619074441.0 | ||
| 008 | 140425s9999 xx 000 0 und d | ||
| 020 | _aNA | ||
| 040 | _cPK-LaUMT | ||
| 082 |
_aRHC 891.551 _bIQB-I |
||
| 100 | 1 |
_aIqbal, Allama Muhammad _92459 |
|
| 245 |
_aIsraar-e-khudi (Persian) _cIqbal, Muhammad<>Shaeshta Khan |
||
| 260 |
_aNew Delhi,India: _bMaktaba Jamia, _c1993 |
||
| 300 | _a134 p. | ||
| 546 | _aPersian | ||
| 650 |
_aPersian literature _913041 |
||
| 700 |
_aShaeshta Khan _913042 |
||
| 942 |
_cBK _2ddc |
||
| 999 |
_c41108 _d41108 |
||